000 01090nam a2200217 i 4500
001 20688
003 ES-MaACL
005 20250830063046.0
008 201106s1862 sp |||| | spa d
080 _a929 Martínez de la Rosa, Francisco
100 1 _aFernández y González, Francisco,
_d1833-1917
_949827
245 1 0 _aElogio fúnebre del Dr. D. Francisco Martínez de la Rosa, leído en la Universidad Literaria de Granada, ante el Claustro público reunido en su honra en el Salón de Actos de la misma, después de las exequias solemnes celebradas por su alma el día 15 de febrero /
_cpor el Dr. D. Francisco Fernández y González.
260 _aGranada :
_b[s.n.],
_c1862 (
_fImp. de D. Francisco Ventura y Sabatel)
300 _a27 p. ;
_c31 cm.
530 _aDisponible en formato digital.
600 1 4 _aMartínez de la Rosa, Francisco,
_d1787-1862
_978009
710 2 _aUniversidad Literaria de Granada.
_9153703
852 4 _aES-MaACL
_jT-60-F-7
856 4 _uhttp://hdl.handle.net/10481/8106
_zRepositorio de la Universidad de Granada
999 _c20688
_d20688